Zodpovednosť zamestnávateľa za škodu

Zamestnávatelia zodpovedajú za škodu, ktorá vznikla zamestnancom pri plnení pracovných úloh. Zákonník práce rozlišuje všeobecnú zodpovednosť zamestnávateľa a zodpovednosť za škodu vo zvláštnych prípadoch. Povinnosti zamestnávateľa.

Salvato in:
Dettagli Bibliografici
Natura: Capitolo di libro
Lingua:slovacco
Soggetti:
Tags: Aggiungi Tag
Nessun Tag, puoi essere il primo ad aggiungerne!!

MARC

LEADER 00000naa a2200000 4500
001 r033892
005 20230925071924.1
041 0 |a slo 
044 |a SK 
245 1 0 |a Zodpovednosť zamestnávateľa za škodu 
520 |a Zamestnávatelia zodpovedajú za škodu, ktorá vznikla zamestnancom pri plnení pracovných úloh. Zákonník práce rozlišuje všeobecnú zodpovednosť zamestnávateľa a zodpovednosť za škodu vo zvláštnych prípadoch. Povinnosti zamestnávateľa. 
610 2 0 |a zodpovednosť za škody 
610 2 0 |a zamestnávatelia 
610 2 0 |a zamestnanci 
610 2 0 |a náhrada škody